000 00310nam a22001217a 4500
008 170620b xxu||||| |||| 00| 0 eng d
041 _aeng
080 _a32
100 _a20
101 _aSHP
245 _aTHE POLITICS OF PARNERSHIP THE FEDERATION RHODESIA AND NYASALAND
_cKEATLEY.P
942 _2udc
_cBK
999 _c18275
_d18275